000 00390nam a2200145Ia 4500
005 20251222151311.0
008 251222s9999||||xx |||||||||||||| ||spa||
020 _a9788493828967
082 _a615.321/B45
100 _aBertrand, Annie-Jeanne
245 0 _aEl Huerto Medicinal Ecológico a la Carta:
250 _a2da.ed.
264 _bLa fertilidad de la Tierra Ediciones
942 _cLIB
999 _c23354
_d23354